000 01047nam a2200277Ia 4500
001 Para_2689
003 CHAP
008 220125s9999 xx 000 0 und d
010 _a201090
040 _cCHAP
082 _aPA-C 595.752 J38
100 _aGillette, Clarence P.
_948033
245 _aList of original types of species in the superfamily jassoidea /
_c Clarence P. Guillette
260 _a:
_b
300 _a2 p.
440 _aJassoidea of America; 1
_9165950
500 _aSobretiro de: Colorado Agricultural Experiment Station Bulletín; 43 (Technical series; 3) Encuadernado con: American leaf-hoppers of the subfamily typhlocybinae / by Clarence P. Gillette 70-156
650 _aCicadelidos
_x Colecciones de escritos Jassidae
_x Catálogos y Colecciones I. t. II. Colorado. Agric. Exp. Sta.; Bulletín; 43 III. Ser.
_9165951
901 _aPA-C 595.752 J38
902 _aA
905 _a000000 0000000000 00
910 _a
942 _cPARA
942 _cPARA
_d1
999 _c201090
_d201090